[Event "AUTO-OPEN-2774"]
[Site "http://www.queenalice.com/game.php?id=1161176"]
[Date "2013.3.15"]
[Round "2"]
[White "FabianoSales"]
[Black "Try_Me"]
[Result "1/2-1/2"]
[WhiteElo "2038"]
[BlackElo "2115"]

1. d4 d5 2. c4 c6 3. Nc3 Nf6 4. cxd5 cxd5 5. Nf3 a6 6. Bf4 Nc6 7. e3 Bf5 8. Rc1
e6 9. Qb3 Ra7 10. Be2 Be7 11. O-O O-O 12. h3 Nd7 13. a3 h6 14. Rfd1 Na5 15. Qa2
b5 16. b3 Nf6 17. Ne5 Ra8 18. b4 Nc4 19. Nc6 Qd7 20. Nxe7+ Qxe7 21. Qb3 Ne4 22.
Nxe4 Bxe4 23. f3 Bg6 24. a4 f6 25. e4 Bf7 26. Bxc4 bxa4 27. Qxa4 dxc4 28. Qa5
Rfc8 29. Rc3 Qa7 30. Be3 Qb7 31. Rb1 Qb5 32. Rbc1 Rc6 33. Bf4 Kh7 34. Bg3 Rac8
35. Kf2 Rb6 36. Rxc4 Rxc4 37. Rxc4 Qxa5 38. bxa5 Rb2+ 39. Kg1 Ra2 40. Bc7 Be8
41. d5 exd5 42. exd5 Bb5 43. Rc5 Kg6 44. Kh2 Bf1 45. Kg1 Bxg2 46. d6 Bxh3 47.
Rc6 Kf7 48. Rxa6 Ke6 49. Ra8 Kd5 50. Rh8 Kc6 51. Rh7 Rg2+ 52. Kh1 Rg6 53. Rh8
Kb7 54. Rb8+ Ka6 55. Bb6 Rg3 56. Rg8 1/2-1/2

[Event "AUTO-OPEN-2774"]
[Site "http://www.queenalice.com/game.php?id=1161184"]
[Date "2013.3.15"]
[Round "2"]
[White "attachui"]
[Black "FabianoSales"]
[Result "0-1"]
[WhiteElo "2021"]
[BlackElo "2080"]

1. d4 d5 2. c4 c6 3. Nf3 dxc4 4. a4 b5 5. axb5 cxb5 6. e4 Bb7 7. d5 e6 8. Nc3 a6
9. Ne5 exd5 10. Nxf7 Kxf7 11. Qh5+ g6 12. Qe5 Nf6 13. Bg5 Bg7 14. Rd1 Nxe4 15.
Qxg7+ Kxg7 16. Bxd8 Rxd8 17. Ne2 Nc5 18. Nf4 Re8+ 19. Be2 Re4 20. Nh3 d4 21. f3
Re7 22. Kf2 Nc6 23. Nf4 Rf8 24. Nd5 Re5 25. Nb6 d3 26. Bf1 Nd4 27. b4 Bxf3 28.
gxf3 Rxf3+ 29. Kg1 Rg5+ 0-1

[Event "AUTO-ADV-2758"]
[Site "http://www.queenalice.com/game.php?id=1182845"]
[Date "2013.5.20"]
[Round "2"]
[White "FabianoSales"]
[Black "szachista92"]
[Result "0-1"]
[WhiteElo "2109"]
[BlackElo "2180"]

1. d4 Nf6 2. Bf4 e6 3. e3 d5 4. a3 Be7 5. c4 O-O 6. Bd3 Nbd7 7. Nf3 c6 8. c5 Ne8
9. O-O f6 10. b4 g5 11. Bg3 Ng7 12. Qc2 h5 13. h3 f5 14. Nbd2 g4 15. hxg4 hxg4
16. Ne5 Nxe5 17. Bxe5 Bf6 18. Bd6 Be7 19. Bf4 Nh5 20. Bh2 Kg7 21. Qa4 Rh8 22.
Be5+ Bf6 23. Bxf6+ Qxf6 24. b5 Bd7 25. bxc6 Bxc6 26. Qb3 Qh4 27. f4 Ng3 28. Rfe1
Ne4 29. Bxe4 fxe4 30. Kf1 Qh1+ 31. Kf2 g3+ 32. Ke2 Qxg2+ 33. Kd1 Rh2 34. Ra2 Rh1
0-1

[Event "AUTO-ADV-2758"]
[Site "http://www.queenalice.com/game.php?id=1182846"]
[Date "2013.5.20"]
[Round "2"]
[White "szachista92"]
[Black "FabianoSales"]
[Result "1-0"]
[WhiteElo "2208"]
[BlackElo "2099"]

1. e4 e5 2. Nf3 Nc6 3. Bb5 a6 4. Ba4 b5 5. Bb3 h6 6. O-O Nf6 7. Re1 Bc5 8. c3
O-O 9. d4 exd4 10. cxd4 Bb6 11. Nc3 Re8 12. e5 Nh7 13. d5 Na5 14. Bc2 d6 15. Bf4
Nc4 16. Qd3 Nf8 17. exd6 Rxe1+ 18. Rxe1 Nxb2 19. dxc7 Bxc7 20. Bxc7 Qxc7 21. Qd4
Bb7 22. Bb1 Rd8 23. Nxb5 axb5 24. Qxb2 Rxd5 25. Be4 Rc5 26. Bxb7 Qxb7 27. h3 Qd5
28. Re3 Ne6 29. Qb1 Qc6 30. Kh2 Rc2 31. Ne5 Qc5 32. Qb3 Rxf2 33. Nxf7 Qc6 34.
Nxh6+ 1-0

[Event "AUTO-OPEN-2774"]
[Site "http://www.queenalice.com/game.php?id=1193495"]
[Date "2013.6.23"]
[Round "3"]
[White "FabianoSales"]
[Black "lupengui"]
[Result "0-1"]
[WhiteElo "2091"]
[BlackElo "2858"]

1. d4 Nf6 2. Bf4 c5 3. dxc5 Na6 4. Nc3 Nxc5 5. e3 d6 6. Nf3 g6 7. Bd3 Bg7 8. O-O
O-O 9. b4 Nh5 10. Be5 dxe5 11. bxc5 Qc7 12. Ne4 f5 13. Neg5 Qxc5 14. Qe2 Bf6 15.
Bc4+ Kg7 16. Ne6+ Bxe6 17. Bxe6 e4 18. Rab1 Qc6 19. Nd4 Bxd4 20. exd4 Qxe6 21.
Rxb7 Rfb8 22. Rxb8 Rxb8 23. c4 Nf4 24. Qc2 Nd3 25. Qc3 Rb4 26. Qa3 Rxc4 27. Qxa7
e3 28. d5 exf2+ 29. Kh1 Qe2 0-1

[Event "AUTO-OPEN-2774"]
[Site "http://www.queenalice.com/game.php?id=1193496"]
[Date "2013.6.23"]
[Round "3"]
[White "lupengui"]
[Black "FabianoSales"]
[Result "1-0"]
[WhiteElo "2870"]
[BlackElo "2109"]

1. e4 e5 2. Nf3 Nc6 3. d4 exd4 4. c3 dxc3 5. Nxc3 Nf6 6. Bc4 h6 7. e5 Qe7 8. Qe2
Ng4 9. Nd5 Qd8 10. h3 Nxf2 11. Nf6+ gxf6 12. exf6+ Ne7 13. Kxf2 c6 14. Be3 d5
15. Bd4 Rg8 16. Bd3 Be6 17. Bh7 Rg5 18. Nxg5 hxg5 19. fxe7 Bxe7 20. Rhe1 Qd6 21.
Kg1 Qf4 22. Rad1 Bd6 23. Be5 Bc5+ 24. Kh1 Qf2 25. Qxf2 Bxf2 26. Rf1 Bc5 27. Bf5
Be7 28. Rde1 a6 29. Bg4 Bxg4 30. hxg4 O-O-O 31. Rxf7 Rd7 32. Bd4 Bd8 33. Rxd7
Kxd7 34. Kg1 Be7 35. Kf2 b5 36. Rc1 1-0

[Event "Challenge"]
[Site "http://www.queenalice.com/game.php?id=1203467"]
[Date "2013.7.29"]
[Round "-"]
[White "Werni"]
[Black "FabianoSales"]
[Result "0-1"]
[WhiteElo "2094"]
[BlackElo "2095"]

1. e4 e5 2. Nf3 Nc6 3. d4 exd4 4. Bc4 h6 5. c3 dxc3 6. Nxc3 Bb4 7. Qb3 Qe7 8.
Bd3 Nf6 9. O-O Bd6 10. Be3 O-O 11. Nb5 a6 12. Nxd6 Qxd6 13. Rad1 Ng4 14. Bxa6
Na5 15. Rxd6 Nxb3 16. Rd3 Rxa6 17. axb3 d6 18. Bd4 Be6 19. h3 c5 20. Bc3 f5 21.
hxg4 fxe4 22. Re3 d5 23. Nd2 d4 24. Rxe4 dxc3 25. bxc3 Rd8 26. Rfe1 Bxg4 27. Nc4
Bd1 28. b4 cxb4 29. cxb4 Ba4 30. Re5 Bb3 31. R5e4 b5 32. Na5 Bf7 33. Rc1 Rd2 34.
Re7 Bd5 35. Rd7 Rg6 36. g3 Rg5 37. Nc6 Kh7 38. Ra1 Rh5 39. f3 Rh3 40. Rc1 Rxg3+
0-1

[Event "Challenge"]
[Site "http://www.queenalice.com/game.php?id=1203468"]
[Date "2013.7.29"]
[Round "-"]
[White "FabianoSales"]
[Black "Werni"]
[Result "0-1"]
[WhiteElo "2122"]
[BlackElo "2078"]

1. d4 Nf6 2. Bf4 d6 3. e3 e6 4. Nf3 Be7 5. Bd3 O-O 6. O-O Nh5 7. Re1 Bd7 8. Nbd2
Ba4 9. b3 Bd7 10. c4 Nxf4 11. exf4 Bc6 12. f5 exf5 13. Bxf5 Re8 14. d5 Bd7 15.
Bc2 Bf6 16. Rxe8+ Bxe8 17. Ne4 Bxa1 18. Qxa1 Na6 19. a3 b5 20. Bd3 bxc4 21. Bxc4
Nb8 22. Nd4 Nd7 23. Qc3 Ne5 24. Be2 Qh4 25. Ng3 Bd7 26. Nb5 Bxb5 27. Bxb5 a6 28.
Be2 Qd8 29. Nh5 f6 30. b4 Qe7 31. Ng3 Qd7 32. Qc2 a5 33. b5 Kh8 34. a4 Re8 35.
Qd2 Ra8 36. Qc2 Kg8 37. Nf5 Qf7 38. f4 Ng6 39. g3 Re8 40. b6 cxb6 41. Nxd6 Rxe2
0-1

[Event "AUTO-OPEN-2936"]
[Site "http://www.queenalice.com/game.php?id=1215941"]
[Date "2013.9.10"]
[Round "2"]
[White "jovelino"]
[Black "FabianoSales"]
[Result "0-1"]
[WhiteElo "2183"]
[BlackElo "2108"]

1. e4 e5 2. Nf3 Nc6 3. Bb5 Nge7 4. Bc4 d5 5. exd5 Nxd5 6. Bb5 Bd6 7. Bxc6+ bxc6
8. h3 O-O 9. d3 Ba6 10. O-O e4 11. Nd4 exd3 12. Nxc6 Qe8 13. Nd4 dxc2 14. Nxc2
Bxf1 15. Qxf1 Qe5 16. g3 Bc5 17. Qg2 Rae8 0-1

[Event "AUTO-OPEN-2936"]
[Site "http://www.queenalice.com/game.php?id=1215942"]
[Date "2013.9.10"]
[Round "2"]
[White "FabianoSales"]
[Black "jovelino"]
[Result "0-1"]
[WhiteElo "2089"]
[BlackElo "2167"]

1. d4 c5 2. dxc5 Nf6 3. Nc3 Qa5 4. Nf3 e6 5. Nd2 Qxc5 6. e4 a6 7. Bd3 b5 8. a3
Bb7 9. O-O Be7 10. Qe2 d6 11. Nb3 Qc7 12. f4 Nbd7 13. Be3 O-O 14. Nd4 Nc5 15.
Qf3 Rac8 16. Rac1 Ba8 17. b4 Ncd7 18. Nce2 Nb6 19. Ng3 Nc4 20. Bxc4 Qxc4 21. Bf2
Qc3 22. Qd3 d5 23. e5 Ne4 0-1

[Event "Challenge"]
[Site "http://www.queenalice.com/game.php?id=1217030"]
[Date "2013.9.14"]
[Round "-"]
[White "FabianoSales"]
[Black "jeancarlo1910"]
[Result "0-1"]
[WhiteElo "2108"]
[BlackElo "1975"]

1. d4 c5 2. dxc5 Nc6 3. Nc3 e5 4. e4 Nf6 5. Bc4 Be7 6. Nf3 h6 7. O-O a6 8. Qe2
Bxc5 9. Bxf7+ Kxf7 10. Qc4+ Kg6 11. Qxc5 d6 12. Qe3 Kh7 13. h3 Rf8 14. Rd1 Nb4
0-1

[Event "AUTO-OPEN-2936"]
[Site "http://www.queenalice.com/game.php?id=1240601"]
[Date "2013.12.16"]
[Round "3"]
[White "FabianoSales"]
[Black "sovay"]
[Result "0-1"]
[WhiteElo "2052"]
[BlackElo "2602"]

1. d4 d5 2. c4 e5 3. dxe5 d4 4. Nf3 Nc6 5. a3 Nge7 6. e3 Bg4 7. Be2 dxe3 8. Bxe3
Qxd1+ 9. Bxd1 Ng6 10. Nc3 O-O-O 11. h3 Bxf3 12. Bxf3 Ngxe5 0-1

[Event "AUTO-OPEN-2936"]
[Site "http://www.queenalice.com/game.php?id=1240602"]
[Date "2013.12.16"]
[Round "3"]
[White "sovay"]
[Black "FabianoSales"]
[Result "1-0"]
[WhiteElo "2603"]
[BlackElo "2050"]

1. e4 e5 2. f4 exf4 3. Bc4 Qh4+ 4. Kf1 Nc6 5. d4 d6 6. Nf3 Qh6 7. Nc3 Nf6 8. e5
Nh5 9. Nb5 Kd8 10. exd6 cxd6 11. Kf2 1-0